History Quiz

Random History or Politics Quiz

Senate Committees Chairmen and Ranking Quiz Stats

 Plays Quiz not verified by Sporcle

Challenge
Share
Tweet
Embed
Score 0/32 Timer 10:00
0 Plays Today
Senate Committee Senator % Correct
Armed ServicesJohn McCain
87.1%
Foreign RelationsJohn Kerry
86%
Environment & Public WorksBarbara Boxer
84.8%
JudiciaryPatrick Leahy
82.6%
Rules & AdministrationCharles Schumer
79.9%
FinanceMax Baucus
79.2%
AppropriationsDaniel Inouye
76.5%
FinanceCharles Grassley
76.1%
Armed ServicesCarl Levin
75.8%
Health, Education, Labor & PensionsTom Harkin
75.8%
Homeland Security & Government AffairsJoe Lieberman
74.2%
Small Business & EntrepreneurshipOlympia Snowe
72.3%
Homeland Security & Government AffairsSusan Collins
71.2%
Banking, Housing & Urban AffairsChris Dodd
70.5%
Foreign RelationsRichard Lugar
69.3%
JudiciaryJeff Sessions
69.3%
Senate Committee Senator % Correct
Veteran AffairsDaniel Akaka
68.2%
Commerce, Science & TransportationJohn Rockefeller
67.4%
BudgetKent Conrad
67%
Banking, Housing & Urban AffairsRichard Shelby
66.3%
Energy & Natural ResourcesLisa Murkowski
65.9%
Small Business & EntrepreneurshipMary Landrieu
65.9%
Agriculture, Nutrition & ForestryBlanche Lincoln
65.2%
Environment & Public WorksJames Inhofe
64.8%
Agriculture, Nutrition & ForestrySaxby Chambliss
62.5%
Commerce, Science & TransportationKay Bailey Hutchison
62.5%
AppropriationsThad Cochran
61.4%
Veteran AffairsRichard Burr
59.1%
Energy & Natural ResourcesJeff Bingaman
58.7%
BudgetJudd Gregg
54.9%
Health, Education, Labor & PensionsMichael Enzi
54.5%
Rules & AdministrationRobert Bennett
50.8%

You're not logged in!

Compare scores with friends on all Sporcle quizzes.
Join for Free
OR
Log In

You Might Also Like...

Show Comments

Extras

Top Quizzes Today


Score Distribution

Your Account Isn't Verified!

In order to create a playlist on Sporcle, you need to verify the email address you used during registration. Go to your Sporcle Settings to finish the process.

Report this User

Report this user for behavior that violates our Community Guidelines.

Details: